| 000 | 00963cam a22002657a 4500 | ||
|---|---|---|---|
| 001 | 85839 | ||
| 003 | ItRI | ||
| 005 | 20260429103912.0 | ||
| 008 | 260429s1988 it |||||| ||||| |mul|c | ||
| 040 |
_bita _aM-RABA _cM-RABA _dM-RABA |
||
| 041 | 7 |
_aita _amul _2ISO-639-2 |
|
| 100 | 1 |
_aDe Caro, Stefano _0IT\ICCU\CFIV\029173 _959617 |
|
| 245 | 1 | 0 |
_aBoscoreale e le sue testimonianze archeologiche _b/ villa rustica in località V. Regina. MCMLXXXVIII _c[testi elaborati da Stefano De Caro e Angelandrea Casale]. |
| 260 |
_aBoscoreale _b: [s.n.] _c, 1988 |
||
| 300 |
_a16 p. : _bil. ; _c21 x 21 cm |
||
| 500 | _aEn cub.: Comune di Boscoreale, Assessorato ai beni culturali e ambientali | ||
| 546 | _aTexto en italiano, alemán, francés e inglés. | ||
| 650 | 7 |
_aArqueología _918834 |
|
| 655 | 4 |
_aFolletos _961837 |
|
| 700 | 1 |
_aCasale, Angelandrea, _d1953- _9111701 |
|
| 852 | _jF-16111 | ||
| 942 |
_cFONDOMODER _n0 |
||
| 981 | 1 |
_6z01 _ai _bxxxe |
|
| 982 | 1 |
_6z01 _an |
|
| 999 |
_c85839 _d85839 |
||